000 00257nam a22001217a 4500
008 170714b xxu||||| |||| 00| 0 eng d
041 _aeng
080 _a16
100 _a23
101 _aFIL
245 _aTHE REPUBLIC PLATO
_cLERR.D
942 _2udc
_cBK
999 _c20746
_d20746